• 首页
  • 本馆介绍
  • 公告通知
  • 最新文献
  • 馆藏检索
  • 电子资源
  • 读者导购
  • 参考咨询
  • 我的图书馆
  • 登录
  • 详细信息显示
  • 放入我的书架
  • 预约/预借图书
  • 作者相关作品
  • 分类相关作品
  • 丛书相关作品
  • 出版社相关作品

书目信息

  • 表格格式
  • 工作单格式
  • 卡片格式
题名:
心血管系统疾病体育疗法
    
 
作者: ;人民体育出版社 编
分册:  
出版信息: 北京   人民体育出版社  1979
页数: 230页
开本: 19cm
丛书名: 体疗经验汇编
单 册:
中图分类: R540.5 , R45
科图分类:
主题词: 心脏血管疾病-体育疗法 , 体育疗法-心脏血管疾病 , 治疗学
电子资源:
ISBN:
000 00808oam2 2200289 450
001 1542428572
005 20150126114725.60
010    @dCNY0.60
091    @a7015.1771
100    @a19950811d1979 em y0chiy0110 ea
101 0  @achi
102    @aCN@b110000
105    @ay z 000yy
200 1  @a心血管系统疾病体育疗法@9xin xue guan xi tong ji bing ti yu liao fa@f人民体育出版社编
210    @a北京@c人民体育出版社@d1979
215    @a230页@d19cm
225 2  @a体疗经验汇编@v1
300    @a体疗经验汇编之一
461  0 @12001 @a体疗经验汇编
606 0  @a心脏血管疾病-体育疗法
606 0  @a体育疗法-心脏血管疾病
606 0  @a治疗学
690    @aR540.5@v5
690    @aR45@v4
711 02 @a人民体育出版社@9ren min ti yu chu ban she@4编
801  0 @aCN@bTSSF@c20150126
905    @aZUCC@dR45@eJY2
    
    心血管系统疾病体育疗法/人民体育出版社编.-北京:人民体育出版社,1979
    230页;19cm.-(体疗经验汇编;1)
    体疗经验汇编之一
    
    ISBN :CNY0.60
    
●
相关链接 在E读中查询图书 在五车中查询图书 在当当中查询图书 在豆瓣中查询图书


正题名:心血管系统疾病体育疗法     索取号:R45/JY2         预约/预借

序号 登录号 条形码 馆藏地/架位号 状态 备注
1 7844509   278445096   学院路分馆/ [索取号:R45/JY2] 在馆    
唐山师范学院图书馆 欢迎您!
大连网信软件有限公司© 版权所有